000 00618nam a22001937a 4500
005 20251108165757.0
008 250721s1960 xx 000 0 ara d
082 1 4 _aم/415/ط
100 1 _aأبو الطيب اللغوي، عبد الواحد بن علي الحلبي
245 1 0 _aكتاب الإبدال /
264 1 _aدمشق :
_bالمجمع العلمي العربي،
_c1960.
300 _a
650 1 7 _aاللغة العربية
650 1 7 _aعلم الصرف
650 1 7 _aقواعد اللغة
700 1 _aالتنوخي، عز الدين
_eتحقيق
942 _2ddc
_cREF
999 _c31053
_d31053